000 00564nam a22001697a 4500
003 OSt
005 20190613115914.0
008 190613b xxu||||| |||| 00| 0 ara d
040 _aLB-BrCRDP
082 _a892.71 K16d
100 _aتماضر بنت عمرو بن الحرث بن الشريد ولقبها الخنساء
245 _aديوان الخنساء
260 _aبيروت
_bدار صادر للطباعة والنشر
_bدار بيروت للطباعة والنشر
_c1963
300 _aص156
_cسم25
630 _a Arabic poetry
942 _2ddc
_cBK
999 _c22957
_d22957